000 00939nam a2200301Ia 4500
999 _c7318
_d7318
001 17053
003 GBCCL
005 20241126110625.0
008 810921c19781970caua b 000 0 eng d
010 _z 73120783
020 _a0830704418
035 _a(OCoLC)07778190
040 _aOKO
_cOKO
_dm/c
_dLBB
049 _aLBBK
082 _a248
_bRID
090 _aBV4501.2
_b.R52 1978
092 0 _a248.4
_bR544f, 1978
_220
100 1 _aRidenour, Fritz.
_92661
245 1 0 _aFaith it or fake it? /
_cFritz Ridenour ; illustrator, Joyce Thimson ; editorial research, Georgiana Walker.
250 _a2nd ed.
260 _aGlendale, Calif. :
_bG/L Regal Books,
_c1978, c1970.
300 _a170 p. :
_bill. ;
_c18 cm.
500 _aFormerly published under the title: It's your move.
504 _aIncludes bibliographical references (p. 169-170).
650 0 _aChristian life.
_9183
740 0 1 _aIt's your move.
942 _2ddc
_cBK
_01